000 00567nam a2200217Ia 4500
008 170203s9999 xx 000 0 und d
020 _a0-671669117
050 _aFic
050 _bK91m
100 _aKraus, Robert.
245 _aMilton the early riser /
245 _cby Robert Kraus ; pictures by Jose & Ariane Aruego.
260 _aNew York, NY :
260 _bSimon & Schuster Books for Young Readers,
260 _c1987
300 _a1 volume :
300 _billustrations ;
300 _c29 cm
650 _aPandas --
650 _xFiction.
999 _c306546
_d306546